000 00316nam a2200133Ia 4500
005 20251222144827.0
008 251222s9999||||xx |||||||||||||| ||spa||
020 _a9972-42-424-3
082 _a370.196/M12
100 _aMac Gregor, Felipe E.
245 0 _aReflexión sobre El Perú
264 _bPUCP
942 _cLIB
999 _c20693
_d20693